000
00235nam a2200097Ia 4500
005
20250424112839.0
008
250424s9999 xx 000 0 und d
300
_a
vi, 277p. ; ill. ; 21 cm.
650
_a
Africa--Periodicals.
942
_c
SR
999
_c
37475
_d
37475